Vista normal
Vista MARC
Entrada Nombre personal
Número de registros utilizados en: 20
001 - NÚMERO DE CONTROL
- Campo de control: 12081
003 - IDENTIFICADOR DE NÚMERO DE CONTROL
- Campo de control: ES-MaCES
005 - FECHA Y HORA DE LA ULTIMA MODIFICACION
- Campo de control: 20120614110100.0
008 - ELEMENTOS DE DATOS DE LONGITUD FIJA
- Campo de longitud fija: 981125 | azznnaabn || aaa d
035 ## - NÚMERO DE CONTROL DEL SISTEMA
- Número de control del sistema: CES19980080558n
040 ## - FUENTE DE LA CATALOGACIÓN
- Agencia original de catalogación: ES-MaCES
- Idioma de catalogación: spa
- Agencia de transcripción: ES-MaCES
100 1# - ENCABEZAMIENTO--NOMBRE DE PERSONA
- Nombre personal: Ferrer Sais, Antonio
400 1# - TRAZADO VEÁSE--NOMBRE DE PERSONA
- Nombre personal: Ferrer Sais, Toni
670 ## - FUENTE DE DATOS ENCONTRADOS
- Fuente de citación: www.ugt.es
901 ## - CES. DATOS SIRTEX
- ID Sirtex (N5N8): 0001500008055
- 005BIS Sirtex: 199811251409BATCH1

